01564nam a2200325 a 4500001001000000005001700010008004100027041000800068044000700076084002300083100003400106245014400140260001900284300002800303500029100331500004800622500002900670500008100699506009300780546005400873600004400927650004600971651004301017700002501060700003301085700003901118700003101157700002301188700002701211BRCA_519120190320204958.0251110s1715----mx-######v---#000-0#spa-# aspa amx aDOC118b.P37c17151 aParra, Pedro Hipólito de la10aDocumento que habla sobre la venta de una mulata con dos hijos y otros dos mulatos como esclavoscPedro Hipólito de la Parra ... [et al]. aMéxicoc1715 a[17] fojasc30 x 21 cm. aDocumento en el cuál se concede licencia ante notario público al Lic. Pedro Hipólito de la Parra al Santuario de Nuestra Señora de San Juan para la venta de una mulata llamada María con dos hijos y otros dos mulatos más llamados Francisco y José por no ser ya de utilidad. aEl documento contiene la leyenda DOC. #282. aPapel con marca de agua. aEstado de conservación: contiene manchas de acidez y margenes maltratados.0 aFondo Reservado. Para su consulta es necesario credencial de usuario y carta de motivos. aTexto en: español de principios del siglo XVIII14aParra, Pedro Hipólito de laxHistoria14aDocumentos legalesvManuscritosxHistoria 4aMéxicoxHistoriayColonia, 1521-18211 aVidal Picazo, Manuel1 aGonzaléz de Arreola, Diego1 aEspinoza de los Monteros, Salvador1 aVillanueva, José Antonio1 aMimbela, Manuel de1 aCovarrubias, Francisco